Geography Quiz

Random Geography or City Quiz

California Cities (1850-2010) Quiz Stats

Quiz Updated Feb 27, 2013

Challenge
Share
Tweet
Embed
Score 0/163 Timer 10:00
1 Play Today
Census City % Correct
2010Los Angeles
99.3%
2000Los Angeles
99.3%
1990Los Angeles
99.3%
1980Los Angeles
99.3%
1970Los Angeles
99.3%
1960Los Angeles
99.3%
1950Los Angeles
99.3%
1940Los Angeles
99.3%
1930Los Angeles
99.3%
1920Los Angeles
99.3%
1910Los Angeles
99.3%
1900Los Angeles
99.3%
1890Los Angeles
99.3%
1880Los Angeles
99.3%
1870Los Angeles
99.3%
1860Los Angeles
99.3%
1850Los Angeles
99.3%
1860San Francisco
98.4%
1850San Francisco
98.4%
2010San Francisco
98.4%
2000San Francisco
98.4%
1990San Francisco
98.4%
1980San Francisco
98.4%
1970San Francisco
98.4%
1960San Francisco
98.4%
1950San Francisco
98.4%
1940San Francisco
98.4%
1930San Francisco
98.4%
1920San Francisco
98.4%
1910San Francisco
98.4%
1900San Francisco
98.4%
1890San Francisco
98.4%
1880San Francisco
98.4%
1870San Francisco
98.4%
2010San Diego
96.9%
2000San Diego
96.9%
1990San Diego
96.9%
1980San Diego
96.9%
1970San Diego
96.9%
1960San Diego
96.9%
1950San Diego
96.9%
1940San Diego
96.9%
1930San Diego
96.9%
1920San Diego
96.9%
1910San Diego
96.9%
1900San Diego
96.9%
1890San Diego
96.9%
1860San Diego
96.9%
2010Sacramento
92.7%
2000Sacramento
92.7%
1990Sacramento
92.7%
1980Sacramento
92.7%
1970Sacramento
92.7%
1960Sacramento
92.7%
1950Sacramento
92.7%
Census City % Correct
1940Sacramento
92.7%
1930Sacramento
92.7%
1920Sacramento
92.7%
1910Sacramento
92.7%
1900Sacramento
92.7%
1890Sacramento
92.7%
1880Sacramento
92.7%
1870Sacramento
92.7%
1860Sacramento
92.7%
1850Sacramento
92.7%
2010San Jose
85.3%
2000San Jose
85.3%
1990San Jose
85.3%
1980San Jose
85.3%
1970San Jose
85.3%
1960San Jose
85.3%
1940San Jose
85.3%
1930San Jose
85.3%
1910San Jose
85.3%
1900San Jose
85.3%
1890San Jose
85.3%
1880San Jose
85.3%
1870San Jose
85.3%
2010Oakland
84.7%
2000Oakland
84.7%
1990Oakland
84.7%
1980Oakland
84.7%
1970Oakland
84.7%
1960Oakland
84.7%
1950Oakland
84.7%
1940Oakland
84.7%
1930Oakland
84.7%
1920Oakland
84.7%
1910Oakland
84.7%
1900Oakland
84.7%
1890Oakland
84.7%
1880Oakland
84.7%
1870Oakland
84.7%
1860Oakland
84.6%
2010Fresno
68.6%
2000Fresno
68.6%
1990Fresno
68.6%
1980Fresno
68.6%
1970Fresno
68.6%
1960Fresno
68.6%
1920Fresno
68.6%
1910Fresno
68.6%
1900Fresno
68.6%
1890Fresno
68.6%
2010Anaheim
67.4%
2000Anaheim
67.4%
1990Anaheim
67.4%
1980Anaheim
67.4%
1970Anaheim
67.4%
1920Long Beach
61.2%
Census City % Correct
2010Long Beach
61.2%
2000Long Beach
61.2%
1990Long Beach
61.2%
1980Long Beach
61.2%
1970Long Beach
61.2%
1960Long Beach
61.2%
1950Long Beach
61.2%
1940Long Beach
61.2%
1930Long Beach
61.2%
2010Bakersfield
58.6%
2000Santa Ana
39.4%
1990Santa Ana
39.4%
1980Santa Ana
39.4%
1970Santa Ana
39.4%
1920Stockton
38.9%
1900Stockton
38.9%
1890Stockton
38.9%
1880Stockton
38.9%
1870Stockton
38.9%
1860Stockton
38.9%
1960Pasadena
36%
1950Pasadena
36%
1940Pasadena
36%
1930Pasadena
36%
1920Pasadena
36%
1910Pasadena
36%
1950Berkeley
32.5%
1940Berkeley
32.5%
1930Berkeley
32.5%
1920Berkeley
32.5%
1910Berkeley
32.5%
1900Berkeley
32.5%
1880Santa Cruz
27.8%
1870Santa Cruz
27.8%
1860Santa Cruz
27.8%
1850Monterey
25.6%
1860Monterey
25.6%
1870Monterey
25.5%
1960Glendale
21.9%
1950Glendale
21.9%
1940Glendale
21.9%
1930Glendale
21.9%
1880Napa
17%
1860Napa
17%
1870Napa
16.9%
1950Richmond
13.1%
1890Vallejo
12.7%
1880Vallejo
12.7%
1890Alameda
11.2%
1910Alameda
11.1%
1900Alameda
11.1%
1880Alameda
11.1%
1870Alameda
11.1%

You're not logged in!

Compare scores with friends on all Sporcle quizzes.
Join for Free
OR
Log In

You Might Also Like...

Show Comments

Extras

Top Quizzes Today


Score Distribution

Your Account Isn't Verified!

In order to create a playlist on Sporcle, you need to verify the email address you used during registration. Go to your Sporcle Settings to finish the process.

Report this User

Report this user for behavior that violates our Community Guidelines.

Details: